Psychiatric nursing / (Record no. 3704)

000 -LEADER
fixed length control field 00949cam a2200301 a 4500
001 - CONTROL NUMBER
control field 2961130
003 - CONTROL NUMBER IDENTIFIER
control field OSt
005 - DATE AND TIME OF LATEST TRANSACTION
control field 20220202085740.0
008 - FIXED-LENGTH DATA ELEMENTS--GENERAL INFORMATION
fixed length control field 910920s1992 caua b 001 0 eng c
010 ## - LIBRARY OF CONGRESS CONTROL NUMBER
LC control number 91031707
020 ## - INTERNATIONAL STANDARD BOOK NUMBER
International Standard Book Number 0805394001
040 ## - CATALOGING SOURCE
Original cataloging agency DNLM/DLC
Transcribing agency DLC
Modifying agency DLC
050 00 - LIBRARY OF CONGRESS CALL NUMBER
Classification number RC440
Item number .W5 1992
060 ## - NATIONAL LIBRARY OF MEDICINE CALL NUMBER
Classification number WY 160 W748p
082 00 - DEWEY DECIMAL CLASSIFICATION NUMBER
Classification number 610.73/68
Edition number 20
100 1# - MAIN ENTRY--PERSONAL NAME
Personal name Wilson, Holly Skodol.
245 10 - TITLE STATEMENT
Title Psychiatric nursing /
Statement of responsibility, etc. Holly Skodol Wilson, Carol Ren Kneisl.
250 ## - EDITION STATEMENT
Edition statement 4th ed.
260 ## - PUBLICATION, DISTRIBUTION, ETC.
Place of publication, distribution, etc. Redwood City, Calif. :
Name of publisher, distributor, etc. Addison-Wesley Nursing,
Date of publication, distribution, etc. c1992.
300 ## - PHYSICAL DESCRIPTION
Extent xxxvii, 1004, 30 p. :
Other physical details ill. (some col.) ;
Dimensions 29 cm.
504 ## - BIBLIOGRAPHY, ETC. NOTE
Bibliography, etc. note Includes bibliographical references and index.
650 #0 - SUBJECT ADDED ENTRY--TOPICAL TERM
Topical term or geographic name entry element Psychiatric nursing.
650 #2 - SUBJECT ADDED ENTRY--TOPICAL TERM
Topical term or geographic name entry element Psychiatric Nursing.
700 1# - ADDED ENTRY--PERSONAL NAME
Personal name Kneisl, Carol Ren.
906 ## - LOCAL DATA ELEMENT F, LDF (RLIN)
a 7
b cbc
c orignew
d 1
e ocip
f 19
g y-gencatlg
942 ## - ADDED ENTRY ELEMENTS (KOHA)
Source of classification or shelving scheme
Koha item type Book
Holdings
Withdrawn status Lost status Source of classification or shelving scheme Damaged status Not for loan Permanent Location Current Location Shelving location Date acquired Source of acquisition Total Checkouts Full call number Barcode Date last seen Price effective from Koha item type Public note
          AU LIBRARY AU LIBRARY Open Shelf 02.02.2022 DONATION FROM MOI UNIVERSITY   RC440 .W5 1992 28005227 02.02.2022 02.02.2022 Book SM

Powered by Koha